Gaming Quiz

Random Gaming or Video Games Quiz
Score 0/16 Timer 10:00
0 Plays Today
Personality Dog % Correct
NormalGoldie
93.3%
LazyLucky
88%
UchiCherry
77.3%
CrankyButch
77.3%
LazyBones
74.7%
PeppyCookie
73.3%
NormalDaisy
72%
LazyBiskit
72%
Personality Dog % Correct
LazyWalker
62.7%
SmugShep
62.7%
NormalBea
62.7%
LazyBenjamin
60%
JockMac
57.3%
SnootyPortia
54.7%
PeppyMaddie
44%
LazyMarcel
38.7%
Come Together.
Have Fun.
All Virtual.
We all need to come together. Play Sporcle's virtual live trivia to have fun, connect with people, and get your trivia on. Join a live hosted trivia game for your favorite pub trivia experience done virtually. If a virtual private party is more your thing, go here for details.

You're not logged in!

Compare scores with friends on all Sporcle quizzes.
OR
Log In

Sporcle TV

Today on Sporcle TV


Watch our educational content, quiz creation guides, and fun videos on Sporcle TV.

Show Comments

Extras

Top Quizzes Today


Score Distribution

Paid Content

Your Account Isn't Verified!

In order to create a playlist on Sporcle, you need to verify the email address you used during registration. Go to your Sporcle Settings to finish the process.

Report this User

Report this user for behavior that violates our Community Guidelines.

Details: